00438nam a2200133Ia 450000500170000000800410001708200130005810000220007124500840009326000550017730000180023265000360025065000180028620250227034704.0240331s9999 xx 000 0 und d bPARa954 aParanavitana, K.D 3aAn inventory of Sri Lanka maps in the general state archives in the Netherlands aColombobThe Ministry of Plan Implementationc1984 axxii, 52 p ., aSea and Land Maps - Sri Lanaka aCoastal Towns